Score 0/22 Timer 02:00
1 Play Today
State % Correct
New York
91.3%
Texas
89.7%
North Dakota
86.4%
South Dakota
85.8%
Oregon
85.2%
Alabama
85%
Alaska
81.1%
Kansas
80.2%
New Jersey
80%
Vermont
78.5%
Montana
78.2%
State % Correct
Arkansas
77.7%
Colorado
77.7%
Kentucky
76.4%
Tennessee
76.1%
Utah
74.3%
Nevada
74.2%
Delaware
72%
Oklahoma
69.3%
Maryland
68.1%
Massachusetts
67.8%
Nebraska
66.8%
Remove Ads.
Support Sporcle.
Get the best of Sporcle when you Go Orange. This ad-free experience offers more features, more stats, and more fun while also helping to support Sporcle. Thank you for becoming a member.

You're not logged in!

Compare scores with friends on all Sporcle quizzes.
OR
Log In

Show Comments

Extras

Top Quizzes Today


Score Distribution

Your Account Isn't Verified!

In order to create a playlist on Sporcle, you need to verify the email address you used during registration. Go to your Sporcle Settings to finish the process.

Report this User

Report this user for behavior that violates our Community Guidelines.

Details: